1150 1986 1425 1244 1145 1871 1547 1263 1024 1772 1520 1363 1178 1737 1968 1713 1912 1443 1919 1598 1896 1281 1210 1515 1019 1800 1100 1769 1432 1779 1319 1518 1189 1568 1649 1171 1636 1987 1998 1079 1788 1557 1042 1166 1832 1875 1436 1382 1354 1732 1116 1548 1357 1598 1036 1372 1558 1712 1255 1074 1824 1237 1341 1884 1570 1700 1520 1439 1783 1231 1715 1643 1534 1873 1233 1876 1895 1315 1733 1932 1816 1989 1879 1211 1464 1480 1046 1452 1477 1369 1270 1767 1359 1401 1281 1394 1964 1432 1810 BCNSPRNW ULIB Ver.6.0+V

เปลี่ยนเป็นภาษาไทย

Change to English
 แสดงรายละเอียดบรรณานุกรม
  กลับหน้าหลัก

Brief Record : Get Marc (ISO 2709) : E-mail record : QR code < ปิดหน้าต่าง
LEADER : 00000nam 2200000uu 4500
001    13399121099
003     ULIB
008    121106s2551||||th 000 0 tha d
020    ^a9789740323037
050  4 ^aLB1027^bพ721ก
100 0  ^aพิมพันธ์ เดชะคุปต์
245 10 ^aการสอนคิดด้วยโครงงานการเรียนการสอนแบบบูรณาการ /^cพิมพันธ์ เดชะคุปต์, พเยาว์ ยินดีสุข, พันตรี ราเชน มีศรี
250    ^aพิมพ์ครั้งที่ 1
260    ^aกรุงเทพฯ :^bโรงพิมพ์แห่งจุฬาลงกรณ์มหาวิทยาลัย,^c2551
300    ^a199 หน้า :^bภาพประกอบ ;^c21 ซม.
650  4 ^aการวางแผนหลักสูตร
650  4 ^aหลักสูตร
945    ^p185^l0^i16065
945    ^p185^l0^i16066
995    ^aวิภา
999 ^a ทศพร
รายการนี้ยังไม่มีแท็ก
คุณยังไม่ได้ล็อกอิน คุณสามารถมีกิจกรรมร่วมกับเว็บไซต์ได้ แต่ต้องล็อกอินก่อน ::
  ล็อกอิน

รายการสื่อสารสนเทศ

ลำดับที่ ประเภท เลขเรียก/บาร์โค้ด สถานที่ สถานะ
1. วิทยาศาสตร์การแพทย์ และสุขภาพ
วิทยาศาสตร์การแพทย์ และสุขภาพ
LB1027 พ721ก  
  Barcode: 16065
ห้องสมุดวิทยาเขตสวรรค์ประชารักษ์
►หนังสือทั่วไป
บนชั้น
2. วิทยาศาสตร์การแพทย์ และสุขภาพ
วิทยาศาสตร์การแพทย์ และสุขภาพ
LB1027 พ721ก ฉ.2 
  Barcode: 16066
ห้องสมุดวิทยาเขตสวรรค์ประชารักษ์
►หนังสือทั่วไป
บนชั้น

รายการใกล้เคียง
    ผู้แต่ง [พิมพันธ์ เดชะคุปต์]

    หัวเรื่อง [การวางแผนหลักสูตร]
    หัวเรื่อง [หลักสูตร]

BibComment


ยังไม่เคยถูกคอมเมนท์

คอมเมนท์ทรัพยากรรายการนี้
  คอมเมนท์: การสอนคิดด้วยโคร..


 Copyright 2026. Bcnsprnw @Library